Základní charakteristiky ontogenetického vývoje /

Hlavní autor: Kopecký, Miroslav
Korporativní autor: Univerzita Palackého
Další autoři: Tomanová, Jitka, Kikalová, Kateřina, 1968-
Jazyk: Čeština
Vydáno: Olomouc : Univerzita Palackého v Olomouci, 2014
Vydání: 1. vyd.
Edice: Studijní opora
Témata:
Fyzický popis: 66 s. : il. ; 29 cm
Knihy
Uloženo v:
LEADER 01818nam a2200433 a 4500
001 nkc20142572123
003 CZ PrNK
005 20140409131118.0
007 ta
008 140306s2014 xr a e p 000 0 cze
015 |a cnb002572123 
020 |a 978-80-244-3982-2  |q (brož.) :  |c neprodejné 
035 |a (OCoLC)879565103 
040 |a OLA001  |b cze 
072 7 |a 612  |x Fyziologie člověka a srovnávací fyziologie  |2 Konspekt  |9 14 
072 7 |a 37.016  |x Učební osnovy. Vyučovací předměty. Učebnice  |2 Konspekt  |9 22 
080 |a 612.64/.67  |2 MRF 
080 |a (07)  |2 MRF 
100 1 |a Kopecký, Miroslav  |7 ola2004231482  |4 aut 
245 1 0 |a Základní charakteristiky ontogenetického vývoje /  |c Miroslav Kopecký, Jitka Tomanová, Kateřina Kikalová 
250 |a 1. vyd. 
260 |a Olomouc :  |b Univerzita Palackého v Olomouci,  |c 2014 
300 |a 66 s. :  |b il. ;  |c 29 cm 
490 1 |a Studijní opora 
504 |a Obsahuje bibliografii 
521 8 |a Určeno studentům prezenčního, kombinovaného i distančního studia a učitelům v pedagogické praxi, kteří si rozšiřují odborně-pedagogické znalosti a praktické dovednosti v rámci dalšího vzdělávání v postgraduálním studiu 
650 0 7 |a ontogeneze člověka  |7 ph135374  |2 czenas 
650 0 9 |a human ontogeny  |2 eczenas 
655 7 |a učební texty  |7 fd133599  |2 czenas 
655 9 |a educational texts  |2 eczenas 
700 1 |a Tomanová, Jitka  |7 xx0121554  |4 aut 
700 1 |a Kikalová, Kateřina,  |d 1968-  |7 xx0154794  |4 aut 
710 2 |a Univerzita Palackého  |7 kn20010709130 
810 2 |a Univerzita Palackého.  |t Studijní opory  |0 s 
910 2 |a BOA001  |b 4-1323.204 
990 |a BK 
995 |a 01 
991 |b 201403  |c NOV  |e n 
996 6 |b 2610585050  |c 4-1323.204  |l MZK  |r Sklad / do 1 hodiny  |n 3  |p p.v.  |w 001408262  |u 000010  |a 1  |e BOA001  |j MZK50  |s P